Statystyki dla Top 50 Polscy raperzy według spotify

Kliknij tutaj aby rozwiązać quiz!

Ogólne statystyki

  • Ten quiz został rozwiązany 17 854 razy
  • Średni wynik to 23 z 50

Statystyki odpowiedzi

HintOdpowiedź% Poprawnych
1.Mata
94%
16.Bedoes
92%
6.White 2115
87%
15.Białas
78%
2.Quebonafide
78%
3.Malik Montana
77%
7.Żabson
76%
9.Oki
73%
5.Kizo
71%
14.Taco Hemingwey
71%
11.Young Igi
71%
20.Reto
68%
10.Young Leosia
63%
27.Szpaku
62%
4.Sobel
59%
28.Jan - Rapowanie
57%
13.Otsochodzi
56%
49.Solar
56%
22.Paluch
54%
12.Smolasty
51%
19.Guzior
48%
8.Tymek
48%
18.Alberto
47%
25.Kukon
44%
31.Oliwka Brazil
43%
36.Chillwagon
41%
39.Chivas
41%
35.Kabe
41%
48.Qry
40%
17.Mr.Polska
38%
26.Gibbs
36%
40.Popek
36%
46.Janusz Walczuk
35%
24.Josef Bratan
35%
44.Diho
34%
30.Pezet
31%
23.Wac Toja
31%
42.Sokół
26%
33.Sarius
25%
29.Zetha
23%
21.Jacuś
22%
32.Gedz
20%
38.Pro8l3m
20%
41.Trill Pem
19%
37.SB Mafija
15%
50.Gombao 33
14%
34.Zdechły Osa
14%
43.Bibic
13%
45.Be Vis
9%
47.Pusher
7%

Rozkład punktacji

Percentyl według liczby udzielonych odpowiedzi

Procent ludzi z każdym wynikiem

Twoja historia wyników

Nie rozwiązałeś tego quizu